[Event "Napoli Porreca Memorial 3rd"]
[Site "Napoli"]
[Date "2013.10.03"]
[Round "2"]
[White "Buonanno, Raffaele"]
[Black "Angelotti, Mario"]
[Result "1/2-1/2"]
[WhiteElo "1455"]
[BlackElo "1746"]
[PlyCount "95"]
[EventDate "2013.09.26"]
[EventType "swiss"]
[EventRounds "7"]
[EventCountry "ITA"]
[SourceTitle "EXT 2015"]
[Source "ChessBase"]
[SourceDate "2014.11.20"]
[SourceVersion "1"]
[SourceVersionDate "2014.11.20"]
[SourceQuality "1"]

1. d4 Nf6 2. c4 e5 3. dxe5 Ng4 4. Bf4 Nc6 5. Nf3 Bb4+ 6. Nc3 Bxc3+ 7. bxc3 Qe7 8. Qd5 f6 9. exf6 Nxf6 10. Qd3 d6 11. e3 0-0 12. Be2 Ne4 13. 0-0 Bf5 14. Qd5+ Kh8 15. Rac1 Qf6 16. Bd3 Rae8 17. a3 Qg6 18. Rfd1 Bg4 19. Bxe4 Rxe4 20. Qg5 Qxg5 21. Bxg5 Bxf3 22. gxf3 Rxf3 23. Bf4 g5 24. Kg2 Rxf2+ 25. Kxf2 gxf4 26. exf4 Rxf4+ 27. Ke3 Rxc4 28. Rg1 Ne5 29. Rgf1 Ra4 30. Ra1 Ng4+ 31. Kd3 Nxh2 32. Rf7 Ng4 33. Rxc7 Ne5+ 34. Kc2 b6 35. Rf1 Rg4 36. Rf8+ Rg8 37. Rxg8+ Kxg8 38. Kd2 h5 39. Ke2 a5 40. Rb7 Nc4 41. a4 Nb2 42. Rxb6 Nxa4 43. Rxd6 Nxc3+ 44. Kf1 a4 45. Ra6 Kg7 46. Kg2 Kh7 47. Kh3 Nd5 48. Rxa4 1/2-1/2

[Event "Napoli Vomero Summer op 4th"]
[Site "Napoli"]
[Date "2010.05.06"]
[Round "1"]
[White "Angelotti, Mario"]
[Black "Borrelli, Salvatore"]
[Result "0-1"]
[WhiteElo "1527"]
[BlackElo "1957"]
[PlyCount "60"]
[EventDate "2010.05.06"]
[EventType "swiss"]
[EventRounds "7"]
[EventCountry "ITA"]
[SourceTitle "EXT 2024"]
[Source "ChessBase"]
[SourceDate "2023.10.10"]
[SourceVersion "1"]
[SourceVersionDate "2023.10.10"]
[SourceQuality "1"]

1. e4 e6 2. d4 d5 3. Nd2 c5 4. c3 cxd4 5. cxd4 Nc6 6. Ngf3 Bb4 7. a3 Ba5 8. b4 Bb6 9. Bb2 Nf6 10. e5 Ne4 11. Nb3 0-0 12. Be2 f6 13. 0-0 fxe5 14. Nxe5 Nxe5 15. Nc5 Nc6 16. Bd3 Nf6 17. f4 Bc7 18. Qc2 b6 19. Nb3 Bd7 20. Rac1 Bd6 21. Rf3 Rc8 22. Rh3 h6 23. Qf2 Ne4 24. Bxe4 dxe4 25. d5 Bxf4 26. Qe2 exd5 27. Rxc6 Rxc6 28. Nd4 Rg6 29. Rh5 Bg4 30. Qb5 a6 0-1

[Event "Napoli Vomero Spring 7th"]
[Site "Napoli"]
[Date "2010.03.25"]
[Round "2"]
[White "Angelotti, Mario"]
[Black "Esposito, Rosario"]
[Result "1-0"]
[WhiteElo "1527"]
[BlackElo "1847"]
[PlyCount "45"]
[EventDate "2010.03.18"]
[EventType "swiss"]
[EventRounds "6"]
[EventCountry "ITA"]
[SourceTitle "EXT 2024"]
[Source "ChessBase"]
[SourceDate "2023.10.10"]
[SourceVersion "1"]
[SourceVersionDate "2023.10.10"]
[SourceQuality "1"]

1. e4 c5 2. Nf3 d6 3. d4 cxd4 4. Nxd4 Nf6 5. Nc3 g6 6. Bb5+ Bd7 7. Bxd7+ Nbxd7 8. 0-0 Bg7 9. Nf3 0-0 10. Qe2 Ng4 11. h3 Nge5 12. Nh2 a6 13. f4 Nc6 14. f5 Nde5 15. Be3 b5 16. Nd5 Nc4 17. c3 Nxe3 18. Qxe3 Ne5 19. Ng4 Nxg4 20. hxg4 Be5 21. Kf2 e6 22. Rh1 g5 23. Qh3 1-0

[Event "Napoli Vomero Spring 7th"]
[Site "Napoli"]
[Date "2010.03.18"]
[Round "1"]
[White "Borrelli, Salvatore"]
[Black "Angelotti, Mario"]
[Result "1-0"]
[WhiteElo "1967"]
[BlackElo "1527"]
[PlyCount "59"]
[EventDate "2010.03.18"]
[EventType "swiss"]
[EventRounds "6"]
[EventCountry "ITA"]
[SourceTitle "EXT 2024"]
[Source "ChessBase"]
[SourceDate "2023.10.10"]
[SourceVersion "1"]
[SourceVersionDate "2023.10.10"]
[SourceQuality "1"]

1. d4 Nf6 2. Nf3 c6 3. e3 d5 4. Bd3 Bg4 5. c4 dxc4 6. Bxc4 e6 7. 0-0 Bd6 8. h3 Bh5 9. Nc3 b5 10. Bd3 Bg6 11. e4 Bc7 12. e5 Nd5 13. Nxd5 Qxd5 14. Bxg6 hxg6 15. Be3 Nd7 16. Qc2 Ke7 17. Rac1 c5 18. dxc5 Rxh3 19. Rfd1 Qc6 20. Nd4 Qa6 21. gxh3 Nxe5 22. Qe4 Rh8 23. Kg2 f5 24. Bg5+ Kf7 25. Qe2 Qxa2 26. Nxb5 Qa5 27. Nxc7 Qxc7 28. Bf4 Qc6+ 29. f3 Nd7 30. Rd6 1-0

[Event "Napoli Vomero Settembre op 6th"]
[Site "Napoli"]
[Date "2009.10.22"]
[Round "6"]
[White "Angelotti, Mario"]
[Black "Piscopia, Carmela"]
[Result "1/2-1/2"]
[WhiteElo "1428"]
[BlackElo "1430"]
[PlyCount "107"]
[EventDate "2009.09.10"]
[EventType "swiss"]
[EventRounds "6"]
[EventCountry "ITA"]
[SourceTitle "EXT 2011"]
[Source "ChessBase"]
[SourceDate "2010.11.26"]
[SourceVersion "1"]
[SourceVersionDate "2010.11.26"]
[SourceQuality "1"]

1. e4 c5 2. Nf3 g6 3. d4 cxd4 4. Qxd4 Nf6 5. e5 Nc6 6. Qd1 Nxe5 7. Nc3 Nxf3+ 8. Qxf3 Bg7 9. Bc4 0-0 10. Bf4 d6 11. 0-0-0 Qc7 12. Bb3 Bg4 13. Qg3 Bxd1 14. Rxd1 Rad8 15. Be3 a6 16. h4 Rd7 17. Nd5 Nxd5 18. Rxd5 e6 19. Rd1 d5 20. Qh3 b5 21. h5 Qc6 22. hxg6 fxg6 23. Rh1 h5 24. g4 Be5 25. gxh5 Rh7 26. Qg4 Qe8 27. Rg1 Rf6 28. c3 d4 29. cxd4 Qc6+ 30. Bc2 Rc7 31. Qe2 Bh2 32. Rg5 e5 33. dxe5 Qh1+ 34. Kd2 Qd5+ 35. Qd3 Qxd3+ 36. Bxd3 Re6 37. f4 Rf7 38. hxg6 Rxf4 39. Bc2 Rb4 40. Bb3 Rc4 41. Bxc4 bxc4 42. Bd4 Bf4+ 43. Be3 Bxg5 44. Bxg5 Rxe5 45. Bf6 Re6 46. Bd4 Rxg6 47. Kc3 Rc6 48. Kb4 Kf7 49. b3 cxb3 50. axb3 Ke6 51. Ka5 Kd5 52. Bb6 Rc3 53. Kxa6 Rxb3 54. Kb7 1/2-1/2